MTV Quiz - Statistics

General Stats
  • This quiz has been taken 54 times
  • The average score is 6 of 16
Answer Stats
Questions Answers % Correct
MTV started Aug 1. which year? 1981
94%
One of the losing videos was "Thriller" by __ ? Michael Jackson
86%
The animated show with two metal head idiots was? Beavis and Butt-Head
78%
The first music video shown? Video Killed the Radio Star
61%
The first Video Music Awards were held (year)? 1984
56%
In 2010s, MTV nearly quit showing what videos? music
53%
Spring Break coverage started in 1986. From where? Daytona Beach
28%
It could only be seen in which state? New Jersey
22%
PMRC was led by a woman called? Tipper Gore
22%
The Cars won Video of the Year with ___? You Might Think
22%
The first talk show was hosted by which painter/artist? Andy Warhol
17%
MTV is owned by which mass media conglomerate? Paramount
11%
The words that launched it? Ladies and gentlemen, rock and roll
8%
The first celebrity show, by a Brit, was called __? The Osbournes
6%
1997 MTV cut rock videos off air, causing a slogan? Rock is dead
3%
Parents Music Resource Center criticized MTV for __? satanism
0%
No matching quizzes found
Score Distribution
Percent of People with Each Score
Percentile by Number Answered
Your Score History
You have not taken this quiz